Interpersonal sensitivity : theory and measurement (Record no. 218613)

MARC details
000 -LEADER
fixed length control field 00756nam a2200229Ia 4500
008 - FIXED-LENGTH DATA ELEMENTS--GENERAL INFORMATION
fixed length control field 191130s2001##################000#0#eng##
020 ## - INTERNATIONAL STANDARD BOOK NUMBER
ISBN 9780805831641
082 ## - DEWEY DECIMAL CLASSIFICATION NUMBER
Classification number 302 HAL
245 ## - TITLE STATEMENT
Title Interpersonal sensitivity : theory and measurement
Statement of responsibility, etc edited by Judith A. Hall, Frank J. Bernieri
260 ## - PUBLICATION, DISTRIBUTION, ETC. (IMPRINT)
Place of publication Mahwah, NJ
Name of publisher L. Erlbaum Associates
Year of publication 2001
300 ## - PHYSICAL DESCRIPTION
Number of Pages xiv, 378 p. : ill. ; 24 cm
500 ## - GENERAL NOTE
General note Includes bibliographical references and indexes
650 ## - SUBJECT ADDED ENTRY--TOPICAL TERM
Topical Term Interpersonal relations - Research
Topical Term Sensitivity (Personality trait) - Research
700 ## - ADDED ENTRY--PERSONAL NAME
Personal name Bernieri, Frank J
Personal name Hall, Judith A
991 ## -
-- 232697
Holdings
Withdrawn status Lost status Damaged status Not for loan Home library Current library Shelving location Date acquired Full call number Accession Number Price effective from Koha item type
        Anna Centenary Library Anna Centenary Library 3RD FLOOR, B WING 13.10.2020 302 HAL 477602 13.10.2020 English Books

Find us on the map